000 00682nam a2200241 a 4500
999 _c4943
_d4943
003 BD-JhCC
005 20171205191006.0
008 970225s1963 enk b 001 0 eng d
020 _a0715363158
035 _a(BD-JhCC)
040 _aEQO
_cEQO
_dBD-JhCC
_dBD-JhCC
041 _aeng
082 _a309.2620904
_bHEY 1974
100 1 _aHeywood, Phil.
245 1 4 _aPlanning and human need /
_cby Phil Heywood
260 _aNewton Abbot :
_bDavid & Charles,
_ccop. 1974
300 _a192 p. :
_c22 cm.
490 1 _aPeople, plans and problems series
504 _aIncludes Bibliographical Reference and Index.
650 _aCity planning
942 _2ddc
_cBK